If you lived when there was slavery in America / (Record no. 369)

MARC details
000 -LEADER
fixed length control field 01138nam a22003257a 4500
001 - CONTROL NUMBER
control field 369
003 - CONTROL NUMBER IDENTIFIER
control field FISKH
005 - DATE AND TIME OF LATEST TRANSACTION
control field 20241216164034.0
008 - FIXED-LENGTH DATA ELEMENTS--GENERAL INFORMATION
fixed length control field 230329b cb ||||| |||| 00| 0 eng d
020 ## - INTERNATIONAL STANDARD BOOK NUMBER
International Standard Book Number 9780439567060
040 ## - CATALOGING SOURCE
Original cataloging agency OCO
Transcribing agency OCO
Modifying agency DLC
-- FISKH
Language of cataloging eng
042 ## - AUTHENTICATION CODE
Authentication code lccopycat
043 ## - GEOGRAPHIC AREA CODE
Geographic area code n-us---
050 00 - LIBRARY OF CONGRESS CALL NUMBER
Classification number E441
Item number .K36 2004
082 00 - DEWEY DECIMAL CLASSIFICATION NUMBER
Classification number 973.7/1
Edition number 22
100 1# - MAIN ENTRY--PERSONAL NAME
Personal name Kamma, Anne.
245 10 - TITLE STATEMENT
Title If you lived when there was slavery in America /
Statement of responsibility, etc. by Anne Kamma ; illustrated by Pamela Johnson.
260 ## - PUBLICATION, DISTRIBUTION, ETC.
Place of publication, distribution, etc. New York :
Name of publisher, distributor, etc. Scholastic,
Date of publication, distribution, etc. 2004.
300 ## - PHYSICAL DESCRIPTION
Extent 62 pages. :
Other physical details col. ill., col. maps ;
Dimensions 19 x 23 cm.
505 ## - FORMATTED CONTENTS NOTE
Formatted contents note M <br/>
521 8# - TARGET AUDIENCE NOTE
Target audience note 800 <br/>
Source Lexile
521 8# - TARGET AUDIENCE NOTE
Target audience note M <br/><br/>
Source Raz-Plus
650 #0 - SUBJECT ADDED ENTRY--TOPICAL TERM
Topical term or geographic name entry element Slavery
Geographic subdivision United States
General subdivision History
Form subdivision Juvenile literature.
650 #0 - SUBJECT ADDED ENTRY--TOPICAL TERM
Topical term or geographic name entry element Slaves
Geographic subdivision United States
General subdivision Social conditions
Form subdivision Juvenile literature.
700 1# - ADDED ENTRY--PERSONAL NAME
Personal name Johnson, Pamela,
Dates associated with a name 1949-
856 42 - ELECTRONIC LOCATION AND ACCESS
Materials specified Publisher description
Uniform Resource Identifier <a href="http://www.loc.gov/catdir/description/schol051/2004541334.html">http://www.loc.gov/catdir/description/schol051/2004541334.html</a>
906 ## - LOCAL DATA ELEMENT F, LDF (RLIN)
a 7
b cbc
c copycat
d 2
e ncip
f 20
g y-gencatlg
942 ## - ADDED ENTRY ELEMENTS (KOHA)
Source of classification or shelving scheme Dewey Decimal Classification
Koha item type Books
Suppress in OPAC No
Holdings
Withdrawn status Lost status Source of classification or shelving scheme Damaged status Not for loan Collection Home library Current library Shelving location Date acquired Total Checkouts Full call number Barcode Date last seen Date last checked out Copy number Price effective from Koha item type
    Library of Congress Classification     Fiction Footprints International School Library Network Toul Kork Campus Footprints International School Library Network Toul Kork Campus A TK Campus, 4th Floor, Room B401, Fiction Bookcases (1-6) 03/29/2023 1 KAM 973.71 E441.K36 FISTK04821 05/02/2024 05/02/2024 1 03/29/2023 Books
    Library of Congress Classification     Fiction Footprints International School Library Network Toul Kork Campus Footprints International School Library Network Toul Kork Campus TTP Secondary Fiction Bookshelves 03/29/2023   KAM 973.71 E441.K36 FISSE01291 12/16/2024   2 03/29/2023 Books